Newcomers as Agents for Social Change: Learning from the Italian Experience (Record no. 33033)

MARC details
000 -LEADER
fixed length control field 00564nam a2200121Ia 4500
008 - FIXED-LENGTH DATA ELEMENTS--GENERAL INFORMATION
fixed length control field 220620s9999||||xx |||||||||||||| ||und||
245 #0 - TITLE STATEMENT
Title Newcomers as Agents for Social Change: Learning from the Italian Experience
Remainder of title A Recourse Book for Social Work and Social Work Education in the Field of Migration
546 ## - LANGUAGE NOTE
Language note English[eng]
650 ## - SUBJECT ADDED ENTRY--TOPICAL TERM
Topical term or geographic name entry element Social work, migration, refugees, social work education, Italian borders
700 ## - ADDED ENTRY--PERSONAL NAME
Personal name Reich, Hannah||Di Rosa, Roberta T.
856 ## - ELECTRONIC LOCATION AND ACCESS
Uniform Resource Identifier <a href="https://library.oapen.org/bitstream/20.500.12657/53628/1/9788835134329.pdf">https://library.oapen.org/bitstream/20.500.12657/53628/1/9788835134329.pdf</a>
942 ## - ADDED ENTRY ELEMENTS (KOHA)
Koha item type E-Books
Holdings
Withdrawn status Lost status Damaged status Not for loan Home library Current library Date acquired Total Checkouts Date last seen Price effective from Koha item type
        Kerala University of Digital Sciences, Innovation and Technology Knowledge Centre Kerala University of Digital Sciences, Innovation and Technology Knowledge Centre 20/06/2022   20/06/2022 20/06/2022 E-Books